000 00923cam a2200277 a 4500
001 000015061
005 20240416181517.0
008 760122s1980 sp 000 0 spa
020 _a968230363X
040 _aDO-SdBNP
_bspa
_cDLC
_dBNPHU
082 _a307.66
_bC348p, 1980
100 1 _aCastells, Manuel,
_d1942-
_934094
245 1 0 _aProblemas de investigación en sociología urbana /
_cManuel Castells ; Traducción de Enrique Grilló.
250 _a8a ed.
260 _aMéxico :
_bSiglo Veintiuno editores,
_c1980.
300 _a278 p. ;
_c21 cm.
490 1 _aArquitectura y urbanismo
504 _aIncluye referencias bibliográficas.
650 0 _aSociología urbana
_98395
650 4 _aUrbanización
_934095
650 4 _aPlanificación de la ciudad
_91615
700 1 _aGrilló, Enrique
_etr.
_934096
830 0 _aArquitectura y urbanismo.
_934097
910 _aCatalogación derivada
049 _aBNGR
999 _c14633
_d14633